ბათუმის შოთა რუსთაველის სახელმწიფო უნივერსიტეტის ბიბლიოთეკა

Turning Points (ბიბ.ჩანაწერი № 51479)

000 -LEADER
fixed length control field 00658nam a2200265Ia 4500
001 - CONTROL NUMBER
control field 18465
003 - CONTROL NUMBER IDENTIFIER
control field GE_BSU
008 - FIXED-LENGTH DATA ELEMENTS--GENERAL INFORMATION
fixed length control field 181216s||||||||xx |||||||||||||| ||und||
020 ## - INTERNATIONAL STANDARD BOOK NUMBER
International Standard Book Number 9780137084456
040 ## - CATALOGING SOURCE
Transcribing agency GE_BSU
080 ## - UNIVERSAL DECIMAL CLASSIFICATION NUMBER
Universal Decimal Classification number 005
100 ## - MAIN ENTRY--PERSONAL NAME
Personal name Ducat,Diane
245 ## - TITLE STATEMENT
Title Turning Points
245 ## - TITLE STATEMENT
Remainder of title Your career decision-making Guide
250 ## - EDITION STATEMENT
Edition statement Third Edition
260 ## - PUBLICATION, DISTRIBUTION, ETC.
Place of publication, distribution, etc. Boston
260 ## - PUBLICATION, DISTRIBUTION, ETC.
Name of publisher, distributor, etc. Pearson
260 ## - PUBLICATION, DISTRIBUTION, ETC.
Date of publication, distribution, etc. 2012
300 ## - PHYSICAL DESCRIPTION
Extent 247p. 23cm.
653 ## - INDEX TERM--UNCONTROLLED
Uncontrolled term Turning Points
653 ## - INDEX TERM--UNCONTROLLED
Uncontrolled term Your career decision-making Guide
653 ## - INDEX TERM--UNCONTROLLED
Uncontrolled term კარიერა
653 ## - INDEX TERM--UNCONTROLLED
Uncontrolled term მენეჯმენტი, მართვა
942 ## - ADDED ENTRY ELEMENTS (KOHA)
Koha item type წიგნი
ეგზემპლარები
Withdrawn status Lost status Damaged status Not for loan Date acquired Barcode Date last seen Price effective from Koha item type
        2018-12-17 47313 2018-12-17 2018-12-17 წიგნი